Catálogo público

Enciclopedia de los alimentos y su poder curativo : tratado de bromatología y dietoterapia \ Jorge D. Pamplona Roger (Record no. 170785)

MARC details
000 -CABECERA
campo de control de longitud fija 01507nam a2200361Ia 4500
001 - NÚMERO DE CONTROL
campo de control dia_4875
003 - IDENTIFICADOR DEL NÚMERO DE CONTROL
campo de control CHAP
005 - FECHA Y HORA DE LA ÚLTIMA TRANSACCIÓN
campo de control 20221208142617.0
008 - DATOS DE LONGITUD FIJA--INFORMACIÓN GENERAL
campo de control de longitud fija 220117s2006 xx 000 0 und d
010 ## - NÚMERO DE CONTROL DE LA BIBLIOTECA DEL CONGRESO
Número de control de LC 170785
020 ## - NÚMERO INTERNACIONAL ESTÁNDAR DEL LIBRO
Número Internacional Estándar del Libro 84-7208-180-X
040 ## - FUENTE DE LA CATALOGACIÓN
Centro/agencia transcriptor CHAP
082 ## - NÚMERO DE LA CLASIFICACIÓN DECIMAL DEWEY
Número de clasificación C 641.1 P36 2006
100 ## - ENTRADA PRINCIPAL--NOMBRE DE PERSONA
Nombre de persona Pamplona Roger, Jorge D.
9 (RLIN) 147883
245 ## - MENCIÓN DE TÍTULO
Título Enciclopedia de los alimentos y su poder curativo : tratado de bromatología y dietoterapia \ Jorge D. Pamplona Roger
260 ## - PUBLICACIÓN, DISTRIBUCIÓN, ETC.
Lugar de publicación, distribución, etc. España :
Nombre del editor, distribuidor, etc. Safeliz,
Fecha de publicación, distribución, etc. 2006
300 ## - DESCRIPCIÓN FÍSICA
Extensión 3 v.
440 ## - MENCIÓN DE SERIE/PUNTO DE ACCESO ADICIONAL--TÍTULO
Título Biblioteca Educación y Salud
9 (RLIN) 147884
500 ## - NOTA GENERAL
Nota general Titulo del v.3: Enciclopedia de los alimentos: recetas saludables / preparado por un equipo de expertos en dietetica y nutricion, bajo la direccion medica [de] Jorge D. Pamplona Roger y la colaboracion de Ester Malaxetxebarria
503 ## - NOTA DE HISTORIA BIBLIOGRÁFICA (BK CF MU) [OBSOLETO]
Nota de historia bibliográfica I. 234468
504 ## - NOTA DE BIBLIOGRAFÍA, ETC.
Nota de bibliografía, etc. Incluye bibliografías
505 ## - NOTA DE CONTENIDO CON FORMATO
Nota de contenido con formato Parte La ciencia de los alimentos \ Parte 2. El poder curativo de los alimentos \ Parte 3. La cocina saludable \ Parte 4. Recetas que previenen y curan
590 ## - NOTA LOCAL (RLIN)
Nota local RA784 P36 2006
650 ## - PUNTO DE ACCESO ADICIONAL DE MATERIA--TÉRMINO DE MATERIA
Término de materia o nombre geográfico como elemento de entrada Diet therapy
9 (RLIN) 147885
650 ## - PUNTO DE ACCESO ADICIONAL DE MATERIA--TÉRMINO DE MATERIA
Término de materia o nombre geográfico como elemento de entrada Dietoterapia
Subdivisión general Diccionarios y enciclopedias
9 (RLIN) 147886
650 ## - PUNTO DE ACCESO ADICIONAL DE MATERIA--TÉRMINO DE MATERIA
Término de materia o nombre geográfico como elemento de entrada Nutrición
Subdivisión general Diccionarios y enciclopedias
9 (RLIN) 147887
650 ## - PUNTO DE ACCESO ADICIONAL DE MATERIA--TÉRMINO DE MATERIA
Término de materia o nombre geográfico como elemento de entrada Nutrition
9 (RLIN) 147888
700 ## - PUNTO DE ACCESO ADICIONAL--NOMBRE DE PERSONA
Nombre de persona Malaxetxebarria, Ester, ed.
9 (RLIN) 147889
901 ## - ELEMENTOS DE DATOS A LOCAL LDA (RLIN)
a C 641.1 P36 2006
902 ## - ELEMENTOS DE DATOS B LOCAL, LDB (RLIN)
a M
905 ## - ELEMENTOS DE DATOS E LOCAL, LDE (RLIN)
a 5232272006 sp amn 8282223322spa16
942 ## - ELEMENTOS DE PUNTO DE ACCESO ADICIONAL (KOHA)
Tipo de ítem Koha Libro
Fuente del sistema de clasificación o colocación Dewey Decimal Classification
Holdings
Estado de retiro Estado de pérdida Fuente del sistema de clasificación o colocación Estado dañado Restricciones de uso No para préstamo Código de colección Localización permanente Ubicación/localización actual Fecha de adquisición Enumeración/cronología de publicación seriada Total de préstamos Signatura topográfica completa Código de barras Fecha visto por última vez Número de copia Precio válido a partir de Tipo de ítem Koha
    Dewey Decimal Classification   Préstamo interno   Consulta Ingenieria Agroindustrial Ingenieria Agroindustrial 18/01/2022 Volumen: 3   C 641.1 P36 2006 dia_006659 18/01/2022 1 18/01/2022 Libro
    Dewey Decimal Classification   Préstamo interno   Consulta Ingenieria Agroindustrial Ingenieria Agroindustrial 18/01/2022 Volumen: 1   C 641.1 P36 2006 dia_006657 18/01/2022 1 18/01/2022 Libro
    Dewey Decimal Classification   Préstamo interno   Consulta Ingenieria Agroindustrial Ingenieria Agroindustrial 18/01/2022 Volumen: 2   C 641.1 P36 2006 dia_006658 18/01/2022 1 18/01/2022 Libro